000
00282nam a22001337a 4500
020
_a
0-7214-0740-4
082
_a
920
_b
LEW/P
100
_a
LEWIS, BRENDA RALPH
245
_a
THE PRINCESS OF WALES
260
_a
UK
_b
LADY BIRD
300
_a
51
650
_a
BIOGRAPHY
_z
UK
942
_c
BK
999
_c
6341
_d
6341